000 00846nam a2200229Ia 4500
003 GCL
008 140319s9999 xx 000 0 ara d
020 _a127344977
040 _aGCL /
_cGCL
082 0 4 _a303.44
_bم م
100 1 _aمحمود شمال حسن
245 1 0 _aالمجتمع المنجز :
_bدراسة لتهيئة المجتمع العربى للانجاز /
_cمحمود شمال حسن
250 _aالاولى
260 _aالقاهرة :
_bدار الافاق العربية ،
_c2006
300 _a292 ص ؛
_c24 سم
490 _aدراسات فى علم النفس الاجتماعى
_v2
650 0 4 _aعلم النفس الاجتماعى
650 0 4 _aالمجتمع العربى
650 0 4 _aالمؤسسات الاجتماعية
650 0 4 _aالمجتمع العربى - تطوير
942 _2ddc
_cBK
999 _c8669
_d8669